00437nam a2200133Ia 4500008004100000041001200041082002400053100002400077245006900101260004700170300001200217400004300229650003100272231217s9999 xx 000 0 und d aEnglish a621.38481 QUA;1 R aQuatieri, Thomas F. 0aDiscrete-time speech signal processing : principles and practice c2002bPearson Education (Singapore)aDelhi axix+781 aPrentice Hall signal processing series aDiscrete-time,processing,: